00400pab a2200133 454500008004000000100001900040245008500059260000900144300001300153362000800166650003900174650002000213773003300233180718b2001 xxu||||| |||| 00| 0 eng d aBreen, Richard aSocial mobility and constitutional and political preferences in Northern Ireland c2001 ap.621-45 aDec aSocial mobility - Northern Ireland aSocial mobility aBritish Journal of Sociology